000
00339nam a2200145Ia 4500
008
240624s9999 xx 000 0 und d
041
_a
eng
082
_a
330 HAR
100
_a
HARVEY JACK
245
_a
MODERN ECONOMICS
250
_a
(7th ed.)
260
_c
2005
_a
New York
_b
Palgrave
300
_a
xvii, : 548p. ; 22cm.
365
_c
RS
_b
30
999
_c
4717
_d
4717